[Event "Scarborough CC-ch U1800"]
[Site "Toronto CAN"]
[Date "2019.04.11"]
[Round "2"]
[White "De Costa, Benjamin"]
[Black "Armstrong, Robert J"]
[Result "1-0"]
[WhiteElo "1232"]
[BlackElo "1447"]
[PlyCount "71"]
[EventDate "2019.04.04"]
[EventType "swiss"]
[EventRounds "8"]
[EventCountry "CAN"]

1. d4 f5 2. c4 Nf6 3. Nc3 e6 4. Nf3 Ne4 5. Bd2 Be7 6. e3 O-O 7. Bd3 d5 8. c5
Nc6 9. O-O Nb4 10. Ne5 Nxd3 11. Nxd3 b6 12. f3 Nxd2 13. Qxd2 bxc5 14. Nxc5 Rb8
15. b3 e5 16. f4 e4 17. Rfd1 c6 18. N3a4 Kh8 19. Rdc1 g5 20. g3 Rg8 21. Kh1 Qe8
22. Rg1 Qh5 23. Rg2 Rg6 24. Rag1 Be6 25. Nxe6 Rxe6 26. Nc5 Rg6 27. Nd7 Rc8 28.
Ne5 Rg7 29. Qe2 Qh3 30. Qa6 Rcg8 31. Nxc6 gxf4 32. Nxe7 Rxe7 33. Qf6+ Reg7 34.
gxf4 Qf3 35. b4 Re8 36. Qxg7# 1-0

[Event "Scarborough CC-ch U1800"]
[Site "Toronto CAN"]
[Date "2019.04.11"]
[Round "2.12"]
[White "Qiu, James"]
[Black "Pokhrel, Sudhir"]
[Result "0-1"]
[WhiteElo "1424"]
[BlackElo "1665"]
[PlyCount "112"]
[EventDate "2019.04.04"]
[EventType "swiss"]
[EventRounds "8"]
[EventCountry "CAN"]

1. e4 e5 2. Nf3 Nc6 3. Bc4 Bc5 4. c3 Bb6 5. O-O Nf6 6. Re1 d6 7. h3 Na5 8. Be2
c5 9. d4 Nc6 10. d5 Ne7 11. Nbd2 O-O 12. Bd3 Ng6 13. Nc4 Bc7 14. Be3 b5 15.
Ncd2 Rb8 16. c4 a6 17. b3 Ba5 18. Qc2 Nh5 19. Red1 Bxd2 20. Qxd2 Nhf4 21. Bf1
f5 22. exf5 Bxf5 23. Kh2 e4 24. Ng1 Bd7 25. g3 Nh5 26. Bg2 Qe7 27. Re1 Rbe8 28.
Bg5 Qf7 29. Rf1 h6 30. Be3 Nf6 31. Qc2 Ne5 32. Bf4 Qh5 33. Bxe5 Ng4+ 34. Kh1
Rxe5 35. Rae1 Ref5 36. Re2 e3 37. f3 Nf2+ 38. Rfxf2 exf2 39. Rxf2 Re5 40. Qd2
Qg6 41. g4 h5 42. Re2 hxg4 43. Rxe5 dxe5 44. fxg4 Qf6 45. Nf3 e4 46. Ng1 Qh4
47. Qe3 Qh7 48. Bxe4 Qh4 49. Bg2 Rf2 50. a3 Ra2 51. Qxc5 Qg3 52. Ne2 Rxe2 53.
Qg1 Re1 54. cxb5 Rxg1+ 55. Kxg1 axb5 56. a4 Qxb3 0-1

[Event "Scarborough CC-ch U1800"]
[Site "Toronto CAN"]
[Date "2019.04.25"]
[Round "4.10"]
[White "Ugodnikov, Arkadiy"]
[Black "Gao, Lucy"]
[Result "0-1"]
[WhiteElo "1573"]
[BlackElo "1603"]
[Annotator ",Microsoft"]
[PlyCount "128"]
[EventDate "2019.04.04"]
[EventType "swiss"]
[EventRounds "8"]
[EventCountry "CAN"]

1. e4 e5 2. Nf3 Nc6 3. Bb5 a6 4. Ba4 Nf6 5. O-O b5 6. Bb3 Be7 7. Re1 O-O 8. h3
d5 9. d3 dxe4 10. dxe4 Bb7 11. c3 Qxd1 12. Bxd1 Rad8 13. Bc2 h6 14. Nbd2 a5 15.
Nf1 Bc5 16. Ng3 Rfe8 17. Be3 Bxe3 18. Rxe3 a4 19. Ree1 Na5 20. b3 a3 21. Rad1
Nc6 22. b4 Nd7 23. Nd2 Nb6 24. Nf5 Ne7 25. Ne3 Ng6 26. g3 Bc8 27. Kg2 Be6 28.
Nb3 Na4 29. Rxd8 Rxd8 30. Rd1 Ra8 31. c4 bxc4 32. Nc5 Nxc5 33. bxc5 Ra5 34. Nd5
Rxc5 35. Nc3 Ne7 36. Ba4 Kh7 37. f4 exf4 38. gxf4 Rh5 39. f5 Bc8 40. Nb5 Bb7
41. Bc2 Nxf5 42. Re1 Nh4+ 43. Kg3 Ng6 44. Nxa3 Bc8 45. Rh1 Rg5+ 46. Kf2 Nf4 47.
Kf3 Nxh3 48. Nxc4 Ng1+ 49. Kf2 Be6 50. Bb3 Nh3+ 51. Ke3 Rg3+ 52. Kd2 Nf2 53.
Re1 Nd3 54. Re3 Rxe3 55. Kxe3 Nc1 56. Nd2 Nxb3 57. axb3 g5 58. b4 g4 59. Kf4 h5
60. Kg5 Kg7 61. Kxh5 Kf6 62. Kh4 Ke5 63. Kg3 Kd4 64. Kf4 Kc3 {
etc. 0-1 after 70 moves.} 0-1

[Event "Scarborough CC-ch U1800"]
[Site "Toronto CAN"]
[Date "2019.05.02"]
[Round "5.11"]
[White "Gao, Lucy"]
[Black "Kwan, Toy Chack"]
[Result "1/2-1/2"]
[WhiteElo "1603"]
[BlackElo "1560"]
[PlyCount "83"]
[EventDate "2019.04.04"]
[EventType "swiss"]
[EventRounds "8"]
[EventCountry "CAN"]

1. e4 e6 2. d4 d5 3. Nc3 dxe4 4. Nxe4 Nd7 5. Nf3 Ngf6 6. Ng3 c5 7. Be2 cxd4 8.
Nxd4 Be7 9. O-O a6 10. b3 O-O 11. Bb2 Qc7 12. Qd2 Rd8 13. c4 Nc5 14. Qc3 b6 15.
Bf3 Bb7 16. Rad1 Bxf3 17. Nxf3 Rxd1 18. Rxd1 Rd8 19. Rd4 Rxd4 20. Qxd4 Qd6 21.
Qxd6 Bxd6 22. Bxf6 gxf6 23. Nh5 Be7 24. Nd4 Nd3 25. Nc6 Kf8 26. Nb8 Ke8 27.
Nxa6 Nc1 28. b4 Nxa2 29. c5 bxc5 30. bxc5 Kd7 31. Nf4 Nc1 32. Nb4 Bxc5 33. Nbd3
Nxd3 34. Nxd3 Bd4 35. g4 e5 36. Kg2 Ke6 37. f3 f5 38. h3 fxg4 39. hxg4 f5 40.
Kg3 fxg4 41. Kxg4 Kf6 42. Kh5 1/2-1/2

[Event "Scarborough CC-ch U1800"]
[Site "Toronto CAN"]
[Date "2019.05.09"]
[Round "6.11"]
[White "Kwan, Toy Chack"]
[Black "Huston, Scott"]
[Result "0-1"]
[WhiteElo "1560"]
[BlackElo "1502"]
[PlyCount "62"]
[EventDate "2019.04.04"]
[EventType "swiss"]
[EventRounds "8"]
[EventCountry "CAN"]

1. c4 Nf6 2. g3 g6 3. Nc3 Bg7 4. Bg2 d6 5. d3 Nc6 6. h3 O-O 7. e4 e5 8. Nge2
Ne8 9. Be3 f5 10. exf5 Bxf5 11. a3 Nd4 12. Bxb7 Rb8 13. Bd5+ Kh8 14. b4 c6 15.
Be4 a5 16. Rb1 axb4 17. axb4 Nc7 18. Bxd4 exd4 19. Na2 Qf6 20. f4 d5 21. Bxf5
Qxf5 22. c5 Ra8 23. Qd2 Rfe8 24. g4 Qe6 25. Kf2 Qe3+ 26. Qxe3 dxe3+ 27. Kf3
Rxa2 28. d4 Nb5 29. Rhd1 Rxe2 30. Kxe2 Nc3+ 31. Ke1 e2 0-1

[Event "Scarborough CC-ch U1800"]
[Site "Toronto CAN"]
[Date "2019.05.16"]
[Round "7.10"]
[White "Huston, Scott"]
[Black "Wang, Frank2"]
[Result "0-1"]
[WhiteElo "1502"]
[BlackElo "1547"]
[PlyCount "65"]
[EventDate "2019.04.04"]
[EventType "swiss"]
[EventRounds "8"]
[EventCountry "CAN"]

1. d4 Nf6 2. c4 e5 3. dxe5 Ng4 4. e4 Nxe5 5. f4 Ng6 6. Nf3 Bb4+ 7. Bd2 Qe7 8.
Bd3 Nxf4 9. Qb3 Bxd2+ 10. Nbxd2 Nxg2+ 11. Kf2 Nf4 12. Bc2 Qc5+ 13. Qe3 Qxe3+
14. Kxe3 Ne6 15. e5 d6 16. exd6 cxd6 17. Ne4 Ke7 18. Rad1 Rd8 19. Rhg1 f5 20.
Neg5 Nxg5 21. Rxg5 Kf6 22. h4 g6 23. h5 Be6 24. hxg6 hxg6 25. c5 d5 26. Rdg1
Bf7 27. Nh4 d4+ 28. Kd2 Nc6 29. Nxf5 d3 30. Bxd3 Rxd3+ 31. Kxd3 gxf5 32. a3
Ne5+ 33. Kc3 0-1

[Event "Scarborough CC-ch U1800"]
[Site "Toronto CAN"]
[Date "2019.05.23"]
[Round "8"]
[White "Granic, Luka"]
[Black "Armstrong, Robert J"]
[Result "1/2-1/2"]
[WhiteElo "1309"]
[BlackElo "1463"]
[PlyCount "63"]
[EventDate "2019.04.04"]
[EventType "swiss"]
[EventRounds "8"]
[EventCountry "CAN"]

1. e4 g6 2. d4 Bg7 3. Nc3 d6 4. Nf3 Nf6 5. Bf4 O-O 6. Bc4 Nc6 7. h3 Nh5 8. Be3
e5 9. d5 Ne7 10. Qd2 f5 11. exf5 Rxf5 12. O-O-O Rf7 13. Ng5 Rf8 14. Be2 Nf6 15.
h4 Nf5 16. h5 Nxe3 17. Qxe3 h6 18. Nge4 g5 19. Nxg5 hxg5 20. Qxg5 Nh7 21. Qg3
Qg5+ 22. Qxg5 Nxg5 23. h6 Bf6 24. Bd3 Nh7 25. g4 Bg5+ 26. Kb1 Rxf2 27. Bxh7+
Kxh7 28. Ne4 Bxg4 29. Nxf2 Bxd1 30. Rxd1 Bxh6 31. Ne4 Bf4 32. c4 1/2-1/2

[Event "Scarborough CC-ch U1800"]
[Site "Toronto CAN"]
[Date "2019.05.23"]
[Round "8.10"]
[White "Jeyakumar, Bhavatharshan"]
[Black "Gao, Lucy"]
[Result "0-1"]
[WhiteElo "1643"]
[BlackElo "1603"]
[PlyCount "62"]
[EventDate "2019.04.04"]
[EventType "swiss"]
[EventRounds "8"]
[EventCountry "CAN"]

1. e4 e5 2. Nf3 Nc6 3. Bb5 a6 4. Ba4 Nf6 5. O-O b5 6. Bb3 Be7 7. Re1 O-O 8. c3
d5 9. exd5 Nxd5 10. Nxe5 Nxe5 11. Rxe5 c6 12. Bxd5 cxd5 13. Qf3 Bd6 14. Re1 Qh4
15. g3 Qh3 16. d4 Bg4 17. Qg2 Qh5 18. Be3 Bf3 19. Qf1 f5 20. Nd2 f4 21. Bxf4
Rxf4 22. Nxf3 Rxf3 23. Qe2 Raf8 24. Kh1 Kh8 25. Rad1 Qh6 26. Rf1 Qf6 27. Rd2
Qh6 28. Rdd1 Qh5 29. Kg1 Rxg3+ 30. fxg3 Qxe2 31. Rxf8+ Bxf8 0-1

[Event "Southern Alberta op"]
[Site "Calgary CAN"]
[Date "2019.11.23"]
[Round "1"]
[White "Chandra, Anand"]
[Black "Collins, Jacob"]
[Result "1-0"]
[WhiteElo "2106"]
[BlackElo "1709"]
[PlyCount "47"]
[EventDate "2019.11.23"]
[EventType "swiss"]
[EventRounds "5"]
[EventCountry "CAN"]

1. e4 c6 2. d4 d5 3. Nc3 dxe4 4. Nxe4 Bf5 5. Ng3 Bg6 6. h4 h6 7. Nf3 Nd7 8. h5
Bh7 9. Bd3 Bxd3 10. Qxd3 e6 11. Bd2 Ngf6 12. O-O-O Bd6 13. Ne4 Nxe4 14. Qxe4
Nf6 15. Qd3 Qc7 16. Rh4 O-O 17. Re1 Nd5 18. Ne5 c5 19. Qg3 cxd4 20. Bxh6 f6 21.
Rg4 Bxe5 22. Rxg7+ Kh8 23. Rxe5 Qxe5 24. Rh7+ 1-0

[Event "Southern Alberta op"]
[Site "Calgary CAN"]
[Date "2019.11.23"]
[Round "1"]
[White "Ebrahim Shirazi, Behrooz"]
[Black "Wu, Jonathan"]
[Result "1-0"]
[WhiteElo "2099"]
[BlackElo "1580"]
[PlyCount "97"]
[EventDate "2019.11.23"]
[EventType "swiss"]
[EventRounds "5"]
[EventCountry "CAN"]

1. d4 Nf6 2. c4 g6 3. Nc3 Bg7 4. e4 d6 5. Be2 O-O 6. Bg5 c5 7. dxc5 Qa5 8. Bd2
Qxc5 9. Nf3 Nc6 10. Be3 Qb4 11. a3 Qa5 12. b4 Qc7 13. h3 a6 14. Rc1 Qd8 15. O-O
Nd7 16. Qd2 e5 17. Qxd6 Re8 18. Rfd1 Qf6 19. Qd2 Qd8 20. Nd5 Kh8 21. Qc2 h6 22.
Qa4 Rb8 23. c5 Re6 24. Bc4 Qf8 25. Qb3 Nd4 26. Nxd4 exd4 27. Bf4 Ne5 28. Rxd4
Nxc4 29. Rdxc4 Be5 30. Bxe5+ Rxe5 31. Qc3 Qg7 32. f4 Re8 33. Nf6 Rd8 34. e5 Bf5
35. Rd4 Rxd4 36. Qxd4 g5 37. Rd1 Rf8 38. g4 gxf4 39. Qxf4 Bc2 40. Rd7 Ba4 41.
Rxb7 Rd8 42. Nh5 Rd1+ 43. Kf2 Qg6 44. Rb8+ Kh7 45. Nf6+ Qxf6 46. Qxf6 Rd2+ 47.
Ke3 Rd3+ 48. Kxd3 Bc2+ 49. Kxc2 1-0

[Event "Southern Alberta op"]
[Site "Calgary CAN"]
[Date "2019.11.23"]
[Round "1"]
[White "Evans, Blaise"]
[Black "Dave, Bhavik"]
[Result "0-1"]
[WhiteElo "1319"]
[BlackElo "1907"]
[PlyCount "44"]
[EventDate "2019.11.23"]
[EventType "swiss"]
[EventRounds "5"]
[EventCountry "CAN"]

1. e4 e5 2. Nf3 Nc6 3. g3 Nf6 4. Nc3 a6 5. Bg2 Bc5 6. O-O d6 7. d3 Bg4 8. h3
Bh5 9. Be3 Bxe3 10. fxe3 Qd7 11. d4 O-O-O 12. Rb1 Bg6 13. Qd3 Nh5 14. Ne2 f5
15. d5 fxe4 16. Qd2 exf3 17. dxc6 Qxc6 18. Bxf3 Qb6 19. b4 Nf6 20. Rfc1 Ne4 21.
Qd3 Nxg3 22. Qb3 Nf5 0-1

[Event "Southern Alberta op"]
[Site "Calgary CAN"]
[Date "2019.11.23"]
[Round "1"]
[White "Findlay, Ian"]
[Black "Darvekar, Yash"]
[Result "1-0"]
[WhiteElo "2343"]
[BlackElo "1799"]
[PlyCount "95"]
[EventDate "2019.11.23"]
[EventType "swiss"]
[EventRounds "5"]
[EventCountry "CAN"]

1. e4 c5 2. Nf3 g6 3. d4 cxd4 4. Nxd4 Nc6 5. Be3 Nf6 6. Nc3 Bg7 7. Bc4 O-O 8.
Bb3 d6 9. f3 Na5 10. Qd2 Nxb3 11. axb3 d5 12. e5 Ne8 13. Bh6 Bxe5 14. Bxf8 Kxf8
15. O-O-O Nc7 16. f4 Bg7 17. h3 a5 18. g4 Bd7 19. f5 a4 20. Rhf1 axb3 21. Nxb3
d4 22. Nxd4 Ra1+ 23. Nb1 Qa8 24. fxg6 Qa2 25. Qf4 Rxb1+ 26. Kd2 Qa5+ 27. Ke2
Bb5+ 28. Kf2 hxg6 29. Rxb1 Bxf1 30. Rxf1 e5 31. Qg5 f6 32. Kg3 Qa6 33. Rf2 exd4
34. Qc5+ Kg8 35. Qxc7 Bf8 36. Kg2 Bg7 37. b3 Qc6+ 38. Qxc6 bxc6 39. Kf3 c5 40.
Ke4 Kf7 41. Kd5 Bf8 42. h4 Be7 43. h5 Kg7 44. Ke6 Bd8 45. Kd6 gxh5 46. gxh5 Kh6
47. Rf5 Ba5 48. Kxc5 1-0

[Event "Southern Alberta op"]
[Site "Calgary CAN"]
[Date "2019.11.23"]
[Round "1"]
[White "Gaulin, Richard"]
[Black "Wang, Paul"]
[Result "0-1"]
[WhiteElo "1665"]
[BlackElo "2102"]
[PlyCount "56"]
[EventDate "2019.11.23"]
[EventType "swiss"]
[EventRounds "5"]
[EventCountry "CAN"]

1. Nf3 d5 2. d4 Nf6 3. c4 c6 4. Nc3 e6 5. e3 Nbd7 6. a3 Bd6 7. Bd3 dxc4 8. Bxc4
b5 9. Bd3 Bb7 10. e4 e5 11. O-O O-O 12. Bg5 a6 13. b4 h6 14. Be3 Ng4 15. d5
Nxe3 16. fxe3 Nf6 17. dxc6 Bxc6 18. Rc1 Rc8 19. Bb1 Bb7 20. Qe2 Qe7 21. Nh4
Rfd8 22. Nf5 Qf8 23. Rf3 Nxe4 24. Nxh6+ gxh6 25. Rxf7 Qxf7 26. Ba2 Bd5 27. Qg4+
Kh8 28. Rf1 Qg7 0-1

[Event "Southern Alberta op"]
[Site "Calgary CAN"]
[Date "2019.11.23"]
[Round "1"]
[White "Han, Victor"]
[Black "Simpson, Bart"]
[Result "1-0"]
[WhiteElo "1957"]
[BlackElo "1340"]
[PlyCount "63"]
[EventDate "2019.11.23"]
[EventType "swiss"]
[EventRounds "5"]
[EventCountry "CAN"]

1. d4 d5 2. c4 e5 3. dxe5 Bb4+ 4. Bd2 Qe7 5. cxd5 Bxd2+ 6. Qxd2 Qxe5 7. Nc3 Nf6
8. Nf3 Qd6 9. Rc1 a6 10. e4 Nbd7 11. Bd3 O-O 12. O-O Re8 13. Rfe1 Ne5 14. Nxe5
Qxe5 15. Bc2 Bd7 16. f4 Qe7 17. h3 Qc5+ 18. Kh1 Bb5 19. a4 Bd7 20. Qd3 g6 21.
e5 Bf5 22. Qd2 Bxc2 23. Rxc2 Nd7 24. Nb5 axb5 25. Rxc5 Nxc5 26. axb5 b6 27. b4
Nb7 28. Qc2 Rac8 29. Qc6 Nd8 30. Qxe8+ Kg7 31. Ra1 Rb8 32. Qd7 1-0

[Event "Southern Alberta op"]
[Site "Calgary CAN"]
[Date "2019.11.23"]
[Round "1"]
[White "Vasic, Maxim"]
[Black "Ming, Jerry"]
[Result "1-0"]
[WhiteElo "2078"]
[BlackElo "1481"]
[PlyCount "113"]
[EventDate "2019.11.23"]
[EventType "swiss"]
[EventRounds "5"]
[EventCountry "CAN"]

1. d4 d5 2. c4 e6 3. Nc3 Nf6 4. Bg5 Be7 5. e3 h6 6. Bh4 O-O 7. cxd5 Nxd5 8.
Bxe7 Qxe7 9. Nf3 Nd7 10. e4 N5f6 11. e5 Nd5 12. Bd3 c6 13. O-O b6 14. Qe2 Nf4
15. Qe4 Nxd3 16. Qxd3 Bb7 17. Rac1 c5 18. d5 exd5 19. Nxd5 Bxd5 20. Qxd5 Rfe8
21. Rfe1 Rad8 22. g3 Nf8 23. Qe4 Ne6 24. Nh4 Ng5 25. Qg4 Qe6 26. Nf5 Rd4 27. f4
Kh7 28. h3 Rb4 29. a3 Ra4 30. Re3 Qg6 31. b4 Ne6 32. Nd6 Qxg4 33. hxg4 Rf8 34.
f5 Ng5 35. Rc4 cxb4 36. Rxb4 Rxb4 37. axb4 Rd8 38. e6 Nxe6 39. fxe6 fxe6 40.
Rxe6 a5 41. Nf5 axb4 42. Rxb6 Rd7 43. Rxb4 g6 44. Nh4 Rd3 45. Rb7+ Kg8 46. Kg2
Rd4 47. Nxg6 Rxg4 48. Nf4 Rg5 49. Kh3 h5 50. Rd7 Kh8 51. Rd5 Rxd5 52. Nxd5 Kg7
53. Nf4 Kh6 54. Kh4 Kh7 55. Kxh5 Kg7 56. Kg5 Kh8 57. Kf6 1-0

[Event "Southern Alberta op"]
[Site "Calgary CAN"]
[Date "2019.11.23"]
[Round "2"]
[White "Blanchard, Michael"]
[Black "Daniluk, Jim"]
[Result "1-0"]
[WhiteElo "2048"]
[BlackElo "1859"]
[PlyCount "77"]
[EventDate "2019.11.23"]
[EventType "swiss"]
[EventRounds "5"]
[EventCountry "CAN"]

1. e4 c5 2. Nf3 Nc6 3. Bb5 g6 4. O-O Bg7 5. Re1 Nd4 6. Nc3 Nxb5 7. Nxb5 a6 8.
Nc3 d6 9. d4 cxd4 10. Nxd4 Nf6 11. Nd5 O-O 12. c4 e6 13. Nxf6+ Bxf6 14. Be3 Qc7
15. Rc1 Rd8 16. Qf3 Qe7 17. b3 h5 18. h3 Bd7 19. a4 Bg5 20. Qg3 Bxe3 21. Rxe3
Qf6 22. Rd1 h4 23. Qf3 Qg5 24. Red3 Qe7 25. Qe3 Be8 26. Qh6 e5 27. Nf3 Bc6 28.
Ng5 Qf6 29. Qh7+ Kf8 30. Rf3 Qxf3 31. gxf3 Be8 32. Qxh4 Rac8 33. Nh7+ Kg7 34.
Nf6 Bc6 35. Ng4 Rh8 36. Qf6+ Kg8 37. Kg2 Bd7 38. Rxd6 Bxg4 39. fxg4 1-0

[Event "Southern Alberta op"]
[Site "Calgary CAN"]
[Date "2019.11.23"]
[Round "2"]
[White "Chen, Helen"]
[Black "Michalchuk, Avery"]
[Result "0-1"]
[WhiteElo "1412"]
[BlackElo "1044"]
[PlyCount "54"]
[EventDate "2019.11.23"]
[EventType "swiss"]
[EventRounds "5"]
[EventCountry "CAN"]

1. e4 e5 2. Nf3 Nc6 3. Bc4 Nf6 4. Ng5 d5 5. exd5 Na5 6. Bb5+ c6 7. dxc6 bxc6 8.
Qf3 Bd7 9. Ba4 Be7 10. Nc3 O-O 11. O-O h6 12. Nge4 Nd5 13. Re1 f5 14. Ng3 e4
15. Qd1 Bc5 16. a3 Nb7 17. b4 Bd4 18. Bb2 Bxf2+ 19. Kxf2 Qb6+ 20. Kf1 f4 21.
Ngxe4 Ne3+ 22. Rxe3 fxe3+ 23. Ke1 exd2+ 24. Qxd2 Rad8 25. Bb3+ Kh8 26. Na4 Qg1+
27. Ke2 Bg4# 0-1

[Event "Southern Alberta op"]
[Site "Calgary CAN"]
[Date "2019.11.23"]
[Round "2"]
[White "Decaire, Michael"]
[Black "Ebrahim Shirazi, Behrooz"]
[Result "0-1"]
[WhiteElo "1905"]
[BlackElo "2099"]
[PlyCount "88"]
[EventDate "2019.11.23"]
[EventType "swiss"]
[EventRounds "5"]
[EventCountry "CAN"]

1. e4 e6 2. d3 d5 3. Nd2 Nf6 4. g3 Nc6 5. Bg2 e5 6. Ngf3 Bc5 7. O-O O-O 8. h3
dxe4 9. dxe4 a5 10. a4 b6 11. Re1 Ba6 12. Bf1 Bxf1 13. Kxf1 Qd7 14. Kg2 Bxf2
15. Kxf2 Qxh3 16. Nf1 Rad8 17. Qe2 Rd4 18. Nxd4 Nxd4 19. Qd3 Qh1 20. Re3 Ng4+
21. Ke1 Qg2 22. Qd2 Nxc2+ 23. Kd1 Ngxe3+ 24. Nxe3 Qxd2+ 25. Kxd2 Nxa1 26. Kc3
h5 27. Nd5 Kh7 28. b3 f6 29. Bb2 Nxb3 30. Kxb3 c6 31. Ne7 g5 32. Nf5 Rd8 33.
Kc4 b5+ 34. axb5 cxb5+ 35. Kc5 b4 36. Kb5 Rd2 37. Bc1 Rc2 38. Kxa5 Rxc1 39.
Kxb4 Re1 40. Kc3 Rxe4 41. Kd3 Ra4 42. Ke3 h4 43. Kf3 Ra3+ 44. Kg2 Rxg3+ 0-1

[Event "Southern Alberta op"]
[Site "Calgary CAN"]
[Date "2019.11.23"]
[Round "2"]
[White "Han, Victor"]
[Black "Findlay, Ian"]
[Result "1/2-1/2"]
[WhiteElo "1957"]
[BlackElo "2343"]
[PlyCount "79"]
[EventDate "2019.11.23"]
[EventType "swiss"]
[EventRounds "5"]
[EventCountry "CAN"]

1. d4 Nf6 2. Nf3 e6 3. Bf4 d5 4. e3 Bd6 5. Bxd6 Qxd6 6. c4 b6 7. cxd5 Nxd5 8.
Bd3 Bb7 9. O-O Nd7 10. Nbd2 O-O 11. Rc1 Rac8 12. Qe2 Nb4 13. Bb1 c5 14. a3 Nd5
15. Rfd1 cxd4 16. Nxd4 Nc5 17. Nb5 Qb8 18. b4 Na4 19. Qd3 g6 20. Qb3 a6 21.
Qxa4 axb5 22. Qb3 Qa7 23. Bd3 Qa4 24. Qb2 Rfd8 25. Nb1 Rxc1 26. Qxc1 Rc8 27.
Qd2 Qb3 28. Bxb5 Rc2 29. Qd4 Rb2 30. Qd3 Qc2 31. Qxc2 Rxc2 32. Bd3 Rc8 33. Kf1
Kf8 34. g3 Ke7 35. e4 Nf6 36. f3 g5 37. Be2 h5 38. Rd3 Rc1+ 39. Rd1 Rc2 40. Rd2
1/2-1/2

[Event "Southern Alberta op"]
[Site "Calgary CAN"]
[Date "2019.11.23"]
[Round "2"]
[White "Qin, Kevin"]
[Black "Vasic, Maxim"]
[Result "0-1"]
[WhiteElo "1864"]
[BlackElo "2078"]
[PlyCount "78"]
[EventDate "2019.11.23"]
[EventType "swiss"]
[EventRounds "5"]
[EventCountry "CAN"]

1. Nf3 Nf6 2. c4 c6 3. d4 d5 4. Nc3 dxc4 5. a4 e6 6. e3 Na6 7. Bxc4 Nb4 8. O-O
Be7 9. Re1 O-O 10. e4 c5 11. d5 exd5 12. Nxd5 Nfxd5 13. Bxd5 Be6 14. Bxe6 fxe6
15. Qb3 Qb6 16. Be3 Kh8 17. Red1 Qa6 18. Rac1 Rac8 19. Qc4 Qxc4 20. Rxc4 Rfd8
21. Rxd8+ Rxd8 22. h3 Rd1+ 23. Kh2 b6 24. a5 Kg8 25. axb6 axb6 26. Rc3 Ra1 27.
Bg5 Bd6+ 28. e5 Bc7 29. Re3 Nd5 30. Rd3 c4 31. Rd2 b5 32. Re2 Ra2 33. Rd2 Ba5
34. Re2 c3 35. Bc1 Nf4 36. Rc2 Nd3 37. Ng5 h6 38. Nxe6 Nxc1 39. Rxc1 cxb2 0-1

[Event "Southern Alberta op"]
[Site "Calgary CAN"]
[Date "2019.11.23"]
[Round "2"]
[White "Sibulo, Nerio"]
[Black "Srinivasan, Hemant"]
[Result "0-1"]
[WhiteElo "1625"]
[BlackElo "2094"]
[PlyCount "58"]
[EventDate "2019.11.23"]
[EventType "swiss"]
[EventRounds "5"]
[EventCountry "CAN"]

1. e4 c6 2. d4 d5 3. Nd2 dxe4 4. Nxe4 Bf5 5. Ng3 Bg6 6. h4 h6 7. Nf3 Nd7 8. h5
Bh7 9. Bd3 Bxd3 10. Qxd3 Ngf6 11. b3 e6 12. c4 Bd6 13. Ne4 Nxe4 14. Qxe4 Nf6
15. Qe2 Bb4+ 16. Kf1 Bc3 17. Rb1 Bxd4 18. Ba3 Qa5 19. Nxd4 Qxa3 20. Nxe6 fxe6
21. Qxe6+ Qe7 22. Qf5 O-O 23. Re1 Qc7 24. Rh3 Rae8 25. Rd1 Ne4 26. Qd7 Ng3+ 27.
Kg1 Re1+ 28. Kh2 Nf1+ 29. Kg1 Nd2+ 0-1

[Event "Southern Alberta op"]
[Site "Calgary CAN"]
[Date "2019.11.23"]
[Round "2"]
[White "Sipeki, Laszlo"]
[Black "Evans, Blaise"]
[Result "0-1"]
[WhiteElo "1562"]
[BlackElo "1319"]
[PlyCount "78"]
[EventDate "2019.11.23"]
[EventType "swiss"]
[EventRounds "5"]
[EventCountry "CAN"]

1. d4 Nf6 2. Nf3 e6 3. g3 b6 4. Bg2 Bb7 5. O-O c5 6. Be3 Qc7 7. Bf4 Qc8 8. Re1
Nc6 9. c3 d5 10. Nbd2 Be7 11. c4 cxd4 12. cxd5 Nxd5 13. Nb3 Nc7 14. Bxc7 Qxc7
15. Nfxd4 Rd8 16. Bxc6+ Bxc6 17. Qc1 Rc8 18. Qc2 Bb7 19. Rac1 Qxc2 20. Rxc2
Rxc2 21. Nxc2 Bf6 22. Ncd4 Ke7 23. Rc1 Kd7 24. Rd1 Bd5 25. e4 Bxe4 26. Nb5+ Bd5
27. Nxa7 Bxb2 28. Nb5 Ra8 29. Rd2 Rxa2 30. Nc3 Bxc3 31. Rxa2 Bxb3 32. Ra3 b5
33. Rxb3 b4 34. Kf1 Kd6 35. Ke2 Kd5 36. Kd3 e5 37. Rb1 e4+ 38. Ke2 Kc4 39. Ke3
f5 0-1

[Event "Southern Alberta op"]
[Site "Calgary CAN"]
[Date "2019.11.23"]
[Round "2"]
[White "Wang, Paul"]
[Black "Schibler, Jordan"]
[Result "1/2-1/2"]
[WhiteElo "2102"]
[BlackElo "1888"]
[PlyCount "100"]
[EventDate "2019.11.23"]
[EventType "swiss"]
[EventRounds "5"]
[EventCountry "CAN"]

1. e4 e6 2. d4 d5 3. Nc3 Bb4 4. e5 c5 5. a3 Bxc3+ 6. bxc3 c4 7. Qg4 g6 8. h4 h5
9. Qf3 Nc6 10. Nh3 Bd7 11. Be2 Qe7 12. Bg5 Qf8 13. Nf4 Nge7 14. Bf6 Rg8 15. g4
hxg4 16. Qxg4 O-O-O 17. Qh3 Kb8 18. h5 gxh5 19. Nxh5 Rc8 20. Bh4 Rh8 21. Nf6
Kc7 22. Bf3 Nf5 23. Qg4 Rxh4 24. Rxh4 Nxh4 25. Qxh4 Qg7 26. Kd2 Rh8 27. Qf4 Ne7
28. Bxd5 Nxd5 29. Nxd5+ exd5 30. e6+ Kc6 31. exd7 Kxd7 32. Rb1 Kc6 33. Re1 Qh6
34. Qxh6+ Rxh6 35. Re7 Rf6 36. Ke3 a5 37. Re8 b6 38. a4 Re6+ 39. Rxe6+ fxe6 40.
f4 b5 41. axb5+ Kxb5 42. Kd2 Kc6 43. Kc1 Kd6 44. Kb2 Ke7 45. Ka3 Kf6 46. Ka4
Kf5 47. Kxa5 Kxf4 48. Kb4 Ke3 49. Ka3 Ke2 50. Ka2 Kd1 1/2-1/2

[Event "Southern Alberta op"]
[Site "Calgary CAN"]
[Date "2019.11.23"]
[Round "3"]
[White "Evans, Blaise"]
[Black "Darvekar, Yash"]
[Result "0-1"]
[WhiteElo "1319"]
[BlackElo "1799"]
[PlyCount "54"]
[EventDate "2019.11.23"]
[EventType "swiss"]
[EventRounds "5"]
[EventCountry "CAN"]

1. e4 c5 2. Nc3 g6 3. g3 Bg7 4. Nge2 Nc6 5. Bg2 Nf6 6. d3 d6 7. O-O O-O 8. f4
Bg4 9. h3 Bxe2 10. Qxe2 Nd4 11. Qf2 Nd7 12. Be3 f5 13. Kh2 e5 14. Nd5 exf4 15.
Bxf4 Ne5 16. Rg1 fxe4 17. Bxe4 g5 18. Qg2 gxf4 19. gxf4 Ng6 20. Qg4 Rf7 21.
Bxg6 hxg6 22. Qxg6 Nf3+ 23. Kh1 Nxg1 24. Rxg1 Qd7 25. Rg4 Re8 26. f5 Qxf5 27.
Nf6+ Qxf6 0-1

[Event "Southern Alberta op"]
[Site "Calgary CAN"]
[Date "2019.11.23"]
[Round "3"]
[White "Gaulin, Richard"]
[Black "Qin, Kevin"]
[Result "1/2-1/2"]
[WhiteElo "1665"]
[BlackElo "1864"]
[PlyCount "69"]
[EventDate "2019.11.23"]
[EventType "swiss"]
[EventRounds "5"]
[EventCountry "CAN"]

1. d4 d5 2. Nf3 c5 3. e3 Nc6 4. Be2 Bf5 5. O-O e6 6. a3 Nf6 7. c4 dxc4 8. Bxc4
cxd4 9. Nxd4 Nxd4 10. exd4 a6 11. Nc3 Be7 12. Bf4 O-O 13. Re1 Qd7 14. d5 exd5
15. Nxd5 Nxd5 16. Bxd5 Bf6 17. Qb3 Rfe8 18. Rxe8+ Rxe8 19. Rd1 Qe7 20. h3 b5
21. Bd6 Qd7 22. Bg3 Qe7 23. Bd6 Qa7 24. Bc5 Qc7 25. Qb4 Qe5 26. b3 Bc2 27. Bd6
Qe2 28. Bf3 Qe6 29. Bd5 Qf5 30. Re1 Rc8 31. Bb7 Rd8 32. Bxa6 h6 33. Bxb5 Bxb3
34. Re8+ Rxe8 35. Bxe8 1/2-1/2

[Event "Southern Alberta op"]
[Site "Calgary CAN"]
[Date "2019.11.23"]
[Round "3"]
[White "Schibler, Jordan"]
[Black "Han, Victor"]
[Result "1-0"]
[WhiteElo "1880"]
[BlackElo "1957"]
[PlyCount "57"]
[EventDate "2019.11.23"]
[EventType "swiss"]
[EventRounds "5"]
[EventCountry "CAN"]

1. d4 Nf6 2. Nf3 d5 3. g3 c6 4. Bg2 Bf5 5. O-O e6 6. c3 Bd6 7. Re1 O-O 8. Nbd2
h6 9. e3 Nbd7 10. Nh4 Bh7 11. f4 c5 12. Nhf3 b5 13. Ne5 Qc7 14. Nxd7 Qxd7 15.
b3 cxd4 16. exd4 Rac8 17. Bb2 b4 18. c4 dxc4 19. bxc4 Be7 20. Rc1 Rfd8 21. h3
Ne8 22. Nf3 Nd6 23. Ne5 Qe8 24. d5 exd5 25. Bxd5 Rc5 26. Qb3 a5 27. Bd4 Rxd5
28. cxd5 Nf5 29. Bf2 1-0